ARRUPE JESUIT UNIVERSITY

CORONAVIRUS -STOP THE SPREAD - CLEAN,DISINFECT,COVER

Family : (Record no. 119884)

MARC details
000 -LEADER
fixed length control field 01436mam a22003494a 4500
001 - CONTROL NUMBER
control field 2820318
003 - CONTROL NUMBER IDENTIFIER
control field ARRUPE
005 - DATE AND TIME OF LATEST TRANSACTION
control field 20140203132826.0
008 - FIXED-LENGTH DATA ELEMENTS--GENERAL INFORMATION
fixed length control field 000620s2000 mnu b 001 0 eng
010 ## - LIBRARY OF CONGRESS CONTROL NUMBER
LC control number 00056182
020 ## - INTERNATIONAL STANDARD BOOK NUMBER
International Standard Book Number 0800632524
035 ## - SYSTEM CONTROL NUMBER
System control number (OCoLC)ocm44502318
035 ## - SYSTEM CONTROL NUMBER
System control number (NNC)2820318
040 ## - CATALOGING SOURCE
Original cataloging agency DLC
Transcribing agency DLC
Modifying agency OrLoB-B
042 ## - AUTHENTICATION CODE
Authentication code pcc
043 ## - GEOGRAPHIC AREA CODE
Geographic area code n-us---
050 00 - LIBRARY OF CONGRESS CALL NUMBER
Classification number BT707.7
Item number .C35 2000
082 00 - DEWEY DECIMAL CLASSIFICATION NUMBER
Classification number 261.8/3585
Edition number 21
300 ## - PHYSICAL DESCRIPTION
Dimensions 23 cm.
100 1# - MAIN ENTRY--PERSONAL NAME
Personal name Cahill, Lisa Sowle.
9 (RLIN) 7721
245 10 - TITLE STATEMENT
Title Family :
Remainder of title a Christian social perspective /
Statement of responsibility, etc Lisa Sowle Cahill.
260 ## - PUBLICATION, DISTRIBUTION, ETC. (IMPRINT)
Place of publication, distribution, etc Minneapolis :
Name of publisher, distributor, etc Fortress Press,
Date of publication, distribution, etc c2000.
300 ## - PHYSICAL DESCRIPTION
Extent xiv, 170 p. ;
504 ## - BIBLIOGRAPHY, ETC. NOTE
Bibliography, etc Includes bibliographical references (p. [138]-160) and index.
505 00 - FORMATTED CONTENTS NOTE
Miscellaneous information 1.
Title Families, Christian Ethics, and Civil Society --
Miscellaneous information 2.
Title Family Bonds and Christian Community: New Testament Sources --
Miscellaneous information 3.
Title Family as Church: Three Historical Representations --
Miscellaneous information 4.
Title Domestic Church: Families and the Common Good --
Miscellaneous information 5.
Title Lessons from African American Families --
Miscellaneous information 6.
Title A Christian Family Vision.
610 20 - SUBJECT ADDED ENTRY--CORPORATE NAME
Corporate name or jurisdiction name as entry element Catholic Church
General subdivision Doctrines.
9 (RLIN) 7722
650 #0 - SUBJECT ADDED ENTRY--TOPICAL TERM
Topical term or geographic name as entry element Families
General subdivision Religious aspects
-- Christianity.
9 (RLIN) 7723
650 #0 - SUBJECT ADDED ENTRY--TOPICAL TERM
Topical term or geographic name as entry element Christian sociology
Geographic subdivision United States.
9 (RLIN) 7724
650 #0 - SUBJECT ADDED ENTRY--TOPICAL TERM
Topical term or geographic name as entry element Families
General subdivision Religious aspects
-- Catholic Church.
9 (RLIN) 7725
650 #0 - SUBJECT ADDED ENTRY--TOPICAL TERM
Topical term or geographic name as entry element Christian sociology
General subdivision Catholic Church
Geographic subdivision United States.
9 (RLIN) 7726
900 ## - EQUIVALENCE OR CROSS-REFERENCE-PERSONAL NAME [LOCAL, CANADA]
Numeration TOC
942 ## - ADDED ENTRY ELEMENTS (KOHA)
Source of classification or shelving scheme Library of Congress Classification
Koha item type Monograph ( Printed materials)
Holdings
Withdrawn status Lost status Source of classification or shelving scheme Damaged status Not for loan Collection code Home library Current library Shelving location Date acquired Total Checkouts Full call number Barcode Date last seen Date checked out Price effective from Koha item type
    Library of Congress Classification     Main Collection ARRUPE LIBRARY ARRUPE LIBRARY Main Collection 03/02/2014 1 BT707.7 .C35 2000 46411977 01/12/2016 21/08/2015 03/02/2014 Monograph ( Printed materials)

 

Arrupe Library. PO Box MP320 Mt Pleasant, Harare, Zimbabwe
263 242 745411|librarian@aju.ac.zw